Parc de la Serralada Litoral
Descripción Física:
1 fulletó plegat en 8 parts ; il·lustracions color ; 21 cm.
Idioma:
Catalán
MARC
| LEADER | 00000nam a22000007a 4500 | ||
|---|---|---|---|
| 001 | 27836 | ||
| 003 | Arxiu | ||
| 005 | 20260324181515.0 | ||
| 008 | 230515b spa||||| |||| 00| 0 cat d | ||
| 017 | |a B 17143-2019 | ||
| 040 | |a agdb |b cat | ||
| 110 | 1 | |9 7250 |a Barcelona (Catalunya : Província). |b Xarxa de Parcs Naturals | |
| 245 | |a Parc de la Serralada Litoral | ||
| 260 | |a Barcelona : |b Diputació de Barcelona. Xarxa de Parcs Naturals ; |c 2019 | ||
| 300 | |a 1 fulletó plegat en 8 parts ; |b il·lustracions color ; |c 21 cm. | ||
| 500 | |a Conté un mapa general del parc. | ||
| 610 | 1 | 0 | |9 52710 |a Parc de la Serralada Litoral (Catalunya) |v Guies |
| 710 | 1 | |9 52730 |a Barcelona (Catalunya : Província). |b Gerència de Serveis d’Espais Naturals | |
| 942 | |2 udc |c ARXIU |n 1 | ||
| 952 | |0 0 |1 0 |2 udc |4 0 |6 FU7573 |7 1 |9 66303 |a Arxiu |b Arxiu |d 2023-05-15 |l 0 |o FU-75-73 |p 27836 |r 2023-05-15 00:00:00 |w 2023-05-15 |y ARXIU | ||
| 999 | |c 83434 |d 83434 | ||